00546nam a2200157 a 450000100100000000500170001000800410002704000250006808200150009324500690010826000520017730000200022904900090024995201130025899900170037100003198420200930063331.0110707s1971 dr 000 0 spa d aDO-SdBNPbspacBNPHU axxxxbD31300aEn defensa de la nación :bradio reporte la voz del trópico. aSanto Domingo :bHorizonte de América,c1971. a60 p. ;c22 cm. aBNPD 0010718PDaPDbPDcCTd2011-07-07iLF1l0oxxxx D313p31984-10r2020-06-25w2020-06-25yLFPDZNo se presta c31475d31475